Mamífers / (Registro nro. 916)
[ vista simple ]
| 000 -CABECERA | |
|---|---|
| Campo de control | 00846nam a2200253 a 4500 |
| 005 - FECHA Y HORA DE LA ULTIMA TRANSACCION | |
| Campo de control | 20200104041516.0 |
| 008 - ELEMENTOS DE LONGITUD FIJA—INFORMACION GENERAL | |
| Campo de control | 140224s1988 sp o|||| |||| 00| 0 fre d |
| 020 ## - ISBN | |
| ISBN | 848700900X |
| 040 ## - FUENTE DE CATALOGACIÓN | |
| Agencia catalogadora original | CO-BoIAVH |
| Agencia transcriptora | CO-BoIAVH |
| 041 0# - IDIOMA | |
| Código de idioma para texto/pista de sonido o título separado | Francés |
| 044 ## - PAÍS DE PUBLICACIÓN | |
| País de publicación | España |
| 082 04 - NUMERO DE CLASIFICACION DECIMAL DEWEY | |
| Número de clasificación | 571.19 |
| Número del ítem | C38m |
| 100 1# - ASIENTO PRINCIPAL--NOMBRE PERSONAL | |
| Nombre personal | Cebrian i López, Rafael |
| Término relacionado | autor |
| 9 (RLIN) | 71421 |
| 245 10 - MENCION DE TITULO | |
| Título | Mamífers / |
| Mención de responsabilidad | Rafael Cabrián i López y Joaquim Lacueva i Pérez |
| 260 ## - PUBLICACION, DISTRIBUCION, ETC. (PIE DE IMPRENTA) | |
| Lugar de publicación, distribución, etc. | Barcelona : |
| Nombre del editor, distribuidor, etc. | Departament D'Educacio Zoo, |
| Fecha de publicación, distribución, etc. | 1988. |
| 300 ## - DESCRIPCION FISICA | |
| Extensión | 29 páginas : |
| Otros detalles físicos | ilustraciones y fotografías ; |
| Dimensiones | 24 x 17 cm. + |
| Material acompañante | 24 diapositivas |
| 504 ## - NOTA DE BIBLIOGRAFIA, ETC. | |
| Nota de bibliografía | Incluye referencias bibliográficas. |
| 650 26 - ASIENTO SECUNDARIO DE MATERIA - TERMINO TEMATICO | |
| Término temático o nombre geográfico como elemento de entrada | Mamíferos |
| 9 (RLIN) | 71428 |
| 650 24 - ASIENTO SECUNDARIO DE MATERIA - TERMINO TEMATICO | |
| Término temático o nombre geográfico como elemento de entrada | Mastozoología |
| 9 (RLIN) | 7595 |
| 650 26 - ASIENTO SECUNDARIO DE MATERIA - TERMINO TEMATICO | |
| Término temático o nombre geográfico como elemento de entrada | Biología |
| 9 (RLIN) | 92 |
| 650 26 - ASIENTO SECUNDARIO DE MATERIA - TERMINO TEMATICO | |
| Término temático o nombre geográfico como elemento de entrada | Mamíferos |
| Subdivisión general | Taxonomía |
| 9 (RLIN) | 71430 |
| 700 1# - ASIENTO SECUNDARIO - NOMBRE PERSONAL | |
| Nombre personal | Lacueva i Pérez, Joaquim |
| Término de relación | autor |
| 9 (RLIN) | 9829 |
| 942 ## - ELEMENTOS ADICIONALES (KOHA) | |
| Tipo de ítem | Libro |
| Sistema de clasificación | Dewey Decimal Classification |
| Withdrawn status | Lost status | Sistema de Clasificación | Damaged status | No para préstamo | Colección | Inventariado | Ubicación Permanente | Ubicación actual | Fecha de adquisición | Fuente de Valor | Valor | Total Checkouts | Número topográfico | Inventario / Código de Barras | Date last seen | Ejemplar | Price effective from | Forma de adquisición | Tipo de material |
|---|---|---|---|---|---|---|---|---|---|---|---|---|---|---|---|---|---|---|---|
| Dewey Decimal Classification | General | Inventariado 2017 | Bogotá | Bogotá | 13/01/1999 | Instituto | 10000.00 | LB-571.19 C38m | 001276 | 04/12/2012 | Ej. 1 | 04/12/2012 | Donación | Libro |